Property and human rights in a global context

Gardado en:
Detalles Bibliográficos
Main Authors: Xu, Ting (Author), Allain, Jean (Author)
Formato: Libro
Idioma:inglés
Publicado: Oxford Hart Publishing 2018
Edición:1a. ed
Series:Human Rights Law in Perspective
Subjects:
Tags: Engadir etiqueta
Sen Etiquetas, Sexa o primeiro en etiquetar este rexistro!

MARC

LEADER 00000cam a2200000 a 4500
001 UCC9069
003 CL-VaPUC
008 190904e20180000uk |||||||||||||||||eng|d
020 |a 9781509921157 
082 0 4 |a 343.023  |b XU  |2 21 
100 0 |a Xu, Ting  |e author  |9 603867 
700 0 |a Allain, Jean  |e author  |9 603868 
245 1 0 |a Property and human rights in a global context 
250 |a 1a. ed 
300 |a 327 p 
942 |c BK 
945 |d 20190904 15:40:00  |a dcastane 
260 |a Oxford  |b Hart Publishing  |c 2018 
650 0 |a Derecho de propiedad  |9 256450 
650 0 |a Bienes  |9 255749 
650 0 |a Globalización  |9 361930 
583 |a last modification  |c 20190904 15:40:00  |k Rodrigo Vera 
490 0 |a Human Rights Law in Perspective 
999 |c 375263  |d 375261 
952 |0 0  |1 0  |3 erb  |4 0  |6 343_023000000000000_XU_2018  |7 0  |8 WP_COW  |9 561209  |a BIBDER  |b BIBDER  |e Fundación W and P Cowley  |i 5597528  |o 343.023 XU 2018  |p 5597528  |r 2023-01-25  |w 2020-03-12  |y BK  |z Catalogado en:20190904  |k WPC